书目信息 |
| 题名: |
科技咨询知识
|
|
| 作者: | ;唐山市科学技术协会 编 | |
| 分册: | ||
| 出版信息: | 唐山 |
|
| 页数: | 77页 | |
| 开本: | 20cm | |
| 丛书名: | ||
| 单 册: | ||
| 中图分类: | G315 | |
| 科图分类: | ||
| 主题词: | 科学研究--工作 | |
| 电子资源: | ||
| ISBN: | ||
| 000 | 00512nam0 2200169 450 | |
| 001 | 0739139187 | |
| 005 | 20070922105427.54 | |
| 100 | @a20070922d km y0chiy0120 ea | |
| 101 | 0 | @achi |
| 200 | 1 | @a科技咨询知识@Ake ji zi xun zhi shi@f唐山市科学技术协会编@Ftang shan shi ke xue ji shu xie hui bian |
| 210 | @a唐山 | |
| 215 | @a77页@d20cm | |
| 606 | 0 | @a科学研究@x工作 |
| 690 | @aG315@v3 | |
| 711 | 02 | @a唐山市科学技术协会@Atang shan shi ke xue ji shu xie hui@4编 |
| 801 | 0 | @aCN@bPFT@c20070922 |
| 905 | @a10447@dG315@e23 | |
| 科技咨询知识/唐山市科学技术协会编.-唐山 |
| 77页;20cm |
| ISBN : |
| ● |
| 相关链接 |
|
|
|
|
正题名:科技咨询知识
索取号:G315/23
 
预约/预借
| 序号 | 登录号 | 条形码 | 馆藏地/架位号 | 状态 | 备注 |
| 1 | 0626012 | 206260124 | 第一样本阅览室/ [索取号:G315/23] | 在馆 |